000 00449nam a2200145 i 4500
001 51611
003 ES-MaACL
007 t|
008 030814s1933 sp ||||1| spa d
100 1 _aDamato Gutiérrez, Miguel.
_942558
245 1 0 _aDivagaciones pedagógicas sobre la historia y el Quijote /
_cMiguel Damato Gutiérrez.
260 _a[S.l. :
_bs.n.,
_c1933] (
_eMadrid :
_fSèz Hermanos)
300 _a1 v. ;
_c19 cm.
852 _aES-MaACL
_jB-7802
999 _c51611
_d51611